000 00527cam a2200193ua 4500
001 11537
005 20260515114750.0
008 190930n ii |||gr||||Z||||||asm
040 _cMAIN
082 _a355
100 _a Sandhya Rani Dutta Kakoti,
_eAuthor.,
245 _aBharatiya senabahini aru lekhikar byaktigata abhigyata
_cBy Sandhya Rani Dutta Kakoti
250 _a1st ed.
260 _aGuwahati:
_bAssam book trust,
_c2016.
300 _a296p.
653 _aMilitary science
653 _aIndian Army
942 _cBK
999 _c10346
_d10346